Goal analysis (Record no. 172912)

MARC details
000 -LEADER
fixed length control field 00337nam a2200145Ia 4500
008 - FIXED-LENGTH DATA ELEMENTS--GENERAL INFORMATION
fixed length control field 231217s9999 xx 000 0 und d
041 ## - LANGUAGE CODE
Language code of text/sound track or separate title English
082 ## - DEWEY DECIMAL CLASSIFICATION NUMBER
Classification number 658.3 MAG1;1 R
100 ## - MAIN ENTRY--PERSONAL NAME
Personal name Mager, Robert F
245 #0 - TITLE STATEMENT
Title Goal analysis
260 ## - PUBLICATION, DISTRIBUTION, ETC.
Date of publication, distribution, etc. 2004
Name of publisher, distributor, etc. Jaico
Place of publication, distribution, etc. Mumbai
300 ## - PHYSICAL DESCRIPTION
Extent vi+159
650 ## - SUBJECT ADDED ENTRY--TOPICAL TERM
Topical term or geographic name entry element Goal analysis
942 ## - ADDED ENTRY ELEMENTS (KOHA)
Koha item type Books
Holdings
Date last seen Total checkouts Full call number Accession number Uniform resource identifier Cost, total (INR) price Price effective from Category Lost status Damaged status Department Withdrawn status Home library Current library Shelving location Entry date Vendor Cost, normal purchase price Grants Billnumber Billdate Currency symbol Conversion rate Discount Old discount
26/01/2024   658.3 MAG1;1 R 29736 digital/contents/29738.pdf 476.00 26/01/2024 Books     Central Library   Central Library Central Library Central Library 26/08/2004 LBPD- L.B. Publishers & Distributors Pvt. Ltd. 595.00 MBA 987 13/10/2006 RS 1 119 20
26/01/2024   658.3 MAG1;2 R1 29737 digital/contents/29738.pdf 476.00 26/01/2024 Books     Central Library   Central Library Central Library Central Library 26/08/2004 LBPD- L.B. Publishers & Distributors Pvt. Ltd. 595.00 MBA 987 09/10/2006 RS 1 119 20
26/01/2024   658.3 MAG1;3 29738 digital/contents/29738.pdf 476.00 26/01/2024 Books     Central Library   Central Library Central Library Central Library 26/08/2004 LBPD- L.B. Publishers & Distributors Pvt. Ltd. 595.00 MBA 987 09/10/2006 RS 1 119 20

© For any Suggestions or Query, please contact the library staff @ librarian@pes.edu or Phone: +9180 2672 1983/ 2108.